[Event "Kibizov Memorial 2018"]
[Site "?"]
[Date "2018.06.26"]
[Round "6.9"]
[White "Nugumanov, Bakhtiyar"]
[Black "Frolov, Artiom"]
[Result "1-0"]
[BlackElo "2396"]
[WhiteElo "2413"]
[LiveChessVersion "1.4.8"]

1. e4 {[%clk 1:30:58]} c5 {[%clk 1:30:11]} 2. Nf3 {[%clk 1:31:22]} e6
{[%clk 1:30:05]} 3. g3 {[%clk 1:31:35]} Nf6 {[%clk 1:25:42]} 4. Qe2
{[%clk 1:31:13]} d5 {[%clk 1:23:03]} 5. d3 {[%clk 1:30:48]} Nc6 {[%clk 1:21:33]}
6. Bg2 {[%clk 1:30:32]} Be7 {[%clk 1:19:30]} 7. O-O {[%clk 1:30:27]} O-O
{[%clk 1:13:52]} 8. e5 {[%clk 1:28:36]} Ne8 {[%clk 1:05:42]} 9. c3
{[%clk 1:26:29]} f6 10. Bf4 {[%clk 1:24:50]} fxe5 {[%clk 0:50:20]} 11. Nxe5
{[%clk 1:24:38]} Nxe5 {[%clk 0:48:21]} 12. Bxe5 {[%clk 1:24:55]} Bd6
{[%clk 0:41:32]} 13. Nd2 {[%clk 1:23:19]} Bxe5 {[%clk 0:38:57]} 14. Qxe5
{[%clk 1:23:47]} Qd6 {[%clk 0:35:53]} 15. Rfe1 {[%clk 1:20:05]} Qxe5
{[%clk 0:29:48]} 16. Rxe5 {[%clk 1:20:32]} Nc7 {[%clk 0:26:14]} 17. f4
{[%clk 1:15:13]} Rd8 {[%clk 0:24:59]} 18. Nf3 {[%clk 1:12:48]} h6
{[%clk 0:23:58]} 19. d4 {[%clk 1:08:22]} c4 {[%clk 0:23:09]} 20. Rae1
{[%clk 1:04:47]} Bd7 {[%clk 0:22:00]} 21. h4 {[%clk 0:57:26]} a5 {[%clk 0:11:06]}
22. f5 {[%clk 0:51:59]} exf5 {[%clk 0:08:22]} 23. Re7 {[%clk 0:52:08]} Nb5
{[%clk 0:07:28]} 24. Ne5 {[%clk 0:46:50]} Bc6 {[%clk 0:07:40]} 25. Ng6
{[%clk 0:44:36]} Nd6 {[%clk 0:07:34]} 26. R1e5 {[%clk 0:40:51]} Ne4
{[%clk 0:02:59]} 27. Rxf5 {[%clk 0:39:19]} Kh7 {[%clk 0:02:31]} 28. Bxe4
{[%clk 0:33:04]} dxe4 {[%clk 0:02:59]} 29. Nf4 {[%clk 0:32:39]} Re8
{[%clk 0:01:45]} 30. Rff7 {[%clk 0:30:28]} Rxe7 {[%clk 0:01:47]} 31. Rxe7
{[%clk 0:30:57]} Re8 {[%clk 0:01:45]} 32. Rxe8 {[%clk 0:27:32]} Bxe8
{[%clk 0:02:12]} 33. h5 {[%clk 0:27:49]} Ba4 {[%clk 0:01:45]} 34. Kf2
{[%clk 0:28:10]} Kg8 {[%clk 0:01:12]} 35. Ke3 {[%clk 0:28:08]} Bc2
{[%clk 0:01:32]} 36. d5 {[%clk 0:27:08]} Kf7 {[%clk 0:00:46]} 37. Kd4
{[%clk 0:26:57]} Bd3 {[%clk 0:01:02]} 38. Ne6 {[%clk 0:26:15]} b6
{[%clk 0:00:50]} 39. Ke3 {[%clk 0:24:30]} Kf6 {[%clk 0:00:56]} 40. Kf4
{[%clk 0:24:01]} Bb1 {[%clk 0:00:52]} 41. a3 {[%clk 0:24:18]} Bd3
{[%clk 0:00:42]} 42. Nd4 {[%clk 0:24:06]} Kf7 {[%clk 0:00:38]} 43. Nf5
{[%clk 0:24:05]} Kf6 {[%clk 0:00:40]} 44. d6 {[%clk 0:23:41]} Ke6
{[%clk 0:00:41]} 45. Nxg7+ {[%clk 0:22:24]} Kxd6 {[%clk 0:01:10]} 46. Nf5+
{[%clk 0:22:42]} Ke6 {[%clk 0:00:41]} 47. Nxh6 {[%clk 0:22:55]} Be2
{[%clk 0:00:35]} 48. Nf5 {[%clk 0:22:11]} Kf6 {[%clk 0:00:32]} 49. g4
{[%clk 0:22:24]} 1-0

[Event "Kibizov Memorial 2018"]
[Site "?"]
[Date "2018.06.26"]
[Round "6.10"]
[White "Remizov, Yaroslav"]
[Black "Berzinsh, Roland"]
[Result "0-1"]
[BlackElo "2410"]
[WhiteElo "2308"]
[LiveChessVersion "1.4.8"]

1. e4 {[%clk 1:30:59]} g6 {[%clk 1:30:38]} 2. d4 {[%clk 1:31:09]} Bg7
{[%clk 1:30:54]} 3. Nf3 {[%clk 1:31:04]} c6 {[%clk 1:30:36]} 4. Bd3
{[%clk 1:21:03]} d5 {[%clk 1:29:29]} 5. exd5 {[%clk 1:21:08]} cxd5
{[%clk 1:29:40]} 6. h3 {[%clk 1:21:26]} Nc6 {[%clk 1:29:08]} 7. c3
{[%clk 1:20:26]} Nf6 {[%clk 1:27:11]} 8. O-O {[%clk 1:09:09]} Bf5
{[%clk 1:22:54]} 9. Bxf5 {[%clk 1:06:41]} gxf5 {[%clk 1:23:16]} 10. Re1
{[%clk 0:56:59]} Ne4 {[%clk 1:16:55]} 11. Nbd2 {[%clk 0:53:49]} e6
{[%clk 1:15:21]} 12. Nf1 {[%clk 0:51:24]} Qc7 {[%clk 1:08:54]} 13. Ng5
{[%clk 0:42:59]} h6 {[%clk 1:04:28]} 14. Nxe4 {[%clk 0:40:47]} fxe4
{[%clk 1:04:45]} 15. Ng3 {[%clk 0:40:55]} O-O-O {[%clk 0:54:40]} 16. Nh5
{[%clk 0:33:09]} Bf8 {[%clk 0:53:46]} 17. f3 {[%clk 0:30:07]} f5 {[%clk 0:53:35]}
18. Nf4 {[%clk 0:29:15]} Rg8 {[%clk 0:50:16]} 19. fxe4 {[%clk 0:14:43]} fxe4
{[%clk 0:50:19]} 20. Kh1 {[%clk 0:14:28]} Qg7 {[%clk 0:49:24]} 21. Re2
{[%clk 0:13:36]} Bd6 {[%clk 0:47:10]} 22. Nxe6 {[%clk 0:11:54]} Qg3
{[%clk 0:46:48]} 23. Qg1 {[%clk 0:12:23]} Rde8 {[%clk 0:46:13]} 24. Nc5
{[%clk 0:12:21]} b6 {[%clk 0:34:08]} 25. Nb3 {[%clk 0:12:38]} Ne7
{[%clk 0:32:50]} 26. Be3 {[%clk 0:06:57]} Nf5 {[%clk 0:29:50]} 27. Bf2
{[%clk 0:07:10]} e3 {[%clk 0:20:16]} 28. Be1 {[%clk 0:07:11]} Re6
{[%clk 0:20:16]} 29. Rc2 {[%clk 0:07:11]} Qf4 {[%clk 0:20:32]} 30. c4
{[%clk 0:06:48]} dxc4 {[%clk 0:20:38]} 31. Rxc4+ {[%clk 0:05:55]} Kb8
{[%clk 0:21:02]} 32. Rac1 {[%clk 0:06:03]} Reg6 {[%clk 0:08:42]} 0-1